000 00984nam a2200313 i 4500
003 EG-GICUC
005 20260209184939.0
008 260209s1986 be ||||fr ||| 00| 0 fre d
017 _a1986/0023/1
020 _a2802703390
040 _aEG-GICUC
_cEG-GICUC
_dEG-GICUC
_erda
_bfre
082 0 4 _221
_a341.73
_bAR . C
092 0 4 _221
099 _aLaw1 11 341.73 AR . C 1986
100 1 _aArrassen,Mohamed
_eAuteur
245 _aCinduite Des Hostilites Droit Des Conflits Armes Et Desarmement /
_cMohamed Arrassen .
264 0 _aBruxelles :
_bBruylant ,
_c1986 .
300 _a605 Pages;
_c30 cm.
336 _atext
_2rda content
337 _aComputer
_2rda media
338 _aOnline Resource
_2rda carrier
546 _aTexte en français
650 0 4 _aDroit international public
650 0 4 _aPaix Et Désarmement
700 1 _aBretton,Philippe
_ePréfacier
856 _uhttps://fll.law.cu.edu.eg/fulltext/th/B11-07538.pdf
905 _a59
942 _2ddc
_cBK
_e21
_n0
999 _c62033
_d62033